| 000 | 00622nam a2200229Ia 4500 | ||
|---|---|---|---|
| 003 | OSt | ||
| 005 | 20221007101749.0 | ||
| 006 | a|||||r|||| 00| 0 | ||
| 007 | ta | ||
| 008 | 221006b |||||||| |||| 00| 0 eng d | ||
| 024 | _a7,821 | ||
| 037 | _cBound Volume | ||
| 040 |
_aLCO _cLCO _beng |
||
| 041 |
_2eng _aeng |
||
| 082 | _aZ2,2,44t, K9 | ||
| 245 | 0 | _aREPORT OF the enquiry Committee on Film Censor-ship. | |
| 260 |
_aNew _bDelhi Govt. of India _c1969 |
||
| 300 | _a202 | ||
| 650 |
_aREPORT OF THE ENQUIRY COMMITTEE _9703545 |
||
| 942 |
_hZ2,2,44t, K9 _cCR |
||
| 999 |
_c1177384 _d1177384 |
||